000 00431nam a2200181Ia 4500
001 10032
005 20260306161802.0
008 260306t2000||||xx |||||||||||||| ||spa||
041 _aESP
082 _aPE 869.568
_bM55
100 _aMiguel de Priego, Manuel
_eAUT
245 0 _aEl conde plebeyo texto impreso
260 _c2000
300 _a450 páginas :
_c
650 _aGEN
654 _aCHU
942 _cLIB
_dJUS
_fJUS
_2ddc
_n
999 _c10032
_d10032